Scarecrow - Portrayals by Picture - Statistics

General Stats
  • This quiz has been taken 7 times
  • The average score is 2 of 22
Answer Stats
Picture Answer % Correct
Cillian Murphy
67%
John DiMaggio / Jason Mantzoukas / Dave Wittenberg / Jeffrey Combs
33%
Charlie Tahan
17%
Dee Bradley Baker
17%
Dino Andrade / John Noble
17%
Jeffrey Combs
17%
Robert Englund
17%
Andre Stojka
0%
Brian T. Delaney
0%
Chris Cox
0%
Christian Lanz
0%
Christopher S. Field
0%
Corey Burton
0%
Don Messick
0%
Dwight Schultz
0%
Henry Polic II
0%
Jim Meskimen
0%
Michael Rosenbaum
0%
Rahul Kohli
0%
Robin Atkin Downes
0%
Ted Knight
0%
Vincent Kartheiser
0%
No matching quizzes found
Score Distribution
Percent of People with Each Score
Percentile by Number Answered
Your Score History
You have not taken this quiz